| 000 | 02883nam a2200337 i 4500 | ||
|---|---|---|---|
| 001 | 0000076145 | ||
| 005 | 20250329165414.0 | ||
| 007 | ta | ||
| 008 | 190415s2022 000 0 eng d | ||
| 040 |
_aCO-CtgCURN _bspa _ccoctgcurn _erda |
||
| 082 | 0 |
_aAPH 2022 _bG279 |
|
| 100 | 1 |
_aGavalo Julio, Natalia Patricia, _eauthor. _4aut |
|
| 245 | 1 | 0 |
_aAbordaje de la atención prehospitalaria en enfermadedades de aparicion subita en planteles educativos / _cLeonardo José Patiño Sandon; Daryelis Dayanna Hoyos Calle; Carolina Cárdenas Blanquicet; Diego Andrés Rojas García; asesora: Viviana Herrán Villalba. |
| 260 |
_aCartagena de Indias : _bCorporación Universitaria Rafael Núñez, _c2022. |
||
| 260 | 4 | _c©2022. | |
| 300 | _a52 hojas. | ||
| 336 |
_atext _btxt _2rdacontent |
||
| 337 |
_aunmediated _bn _2rdamedia |
||
| 338 |
_avolume _bnc _2rdacarrier |
||
| 504 | _aTrabajo de grado (Tecnologo en Atencion Prehospitalaria). Corporación Universitaria Rafael Nuñez. Facultad de Ciencias de la Salud. Tecnologia en Atencion Prehospitalaria, 2022. | ||
| 520 | _a"La atención prehospitalaria y las enfermedades de aparición súbitas en los planteles educativos, son una realidad a la cual se enfrentan las instituciones educativas diariamente, toda la comunidad educativa se encuentra en riesgo de ser víctima de ello o presenciar algún suceso de este carácter; es de allí que el personal de salud de las instituciones educativas, se deben capacitar mejor en situaciones en la aparición de enfermedades. En esta investigación, se busca comprender los modelos de primeros auxilios, destinado a brindar una atención temprana, para esta clase de eventos para as garantizar una mejor sobrevida o recuperación del paciente de la comunidad educativa. Una actuación rápida, completa y eficaz en caso de una situación de peligro para la vida contribuir sin duda a una pronta recuperación del paciente; además del tratamiento temprano de cualquier evento adverso, enfermedad repentina o emergencia, la supervivencia y recuperación óptimas del paciente son fundamentales, con conceptos básicos claros de primeros auxilios que pueden marcar la diferencia entre la vida y la muerte para quienes necesitan de este servicio." | ||
| 650 | 1 | 4 |
_aAtención prehospitalaria _vTesis y disertaciones academicas. |
| 700 | 1 | _aGavalo Julio, Natalia Patricia. | |
| 700 | 1 | _aHernandez Reyes, Jehiner José. | |
| 700 | 1 | _aRodríguez González, Laidis Paola. | |
| 700 | 1 |
_aMartinez Puello Ariel, _easesor. |
|
| 700 | 1 |
_aRios Dominguez Isabel Cristina, _easesor. |
|
| 856 |
_uhttps://unicurn.sharepoint.com/:b:/s/biblioteca/EVfHtZyFRP9OkbQHEvHFq60BkvC1M_45I8HaANhfq2mUkQ?e=tufwgO _zClick aqui para ver el recurso en texto completo |
||
| 942 |
_2ddc _cTG _hAPH 2022 _iG279 _aCTG _bCTG _2ddc _hAPH 2022 _iG279 |
||
| 999 |
_c2895 _d2895 |
||